000
00316nam a2200133Ia 4500
008
240624s9999 xx 000 0 und d
041
_a
eng
082
_a
823 ARM
100
_a
ARMIN JANINE
245
_a
TORONTO NOIR
260
_c
2008
_a
New Delhi
_b
Akashic Books
300
_a
272 : p. : cm. ; 21
365
_c
RS
_b
25
999
_c
18736
_d
18736